[Event "Nezhmetdinov Memorial 35th"]
[Site "Kazan"]
[Date "2013.06.02"]
[Round "3"]
[White "Atalik, Suat"]
[Black "Zakhartsov, Vladimir"]
[Result "1/2-1/2"]
[WhiteElo "2597"]
[BlackElo "2335"]
[Annotator "Atalik,S"]
[PlyCount "148"]
[EventDate "2013.05.31"]
[EventType "swiss"]
[EventRounds "9"]
[EventCountry "RUS"]
[SourceTitle "CBM 155"]
[Source "ChessBase"]
[SourceDate "2013.07.16"]
[SourceVersion "1"]
[SourceVersionDate "2013.07.16"]
[SourceQuality "1"]

1. d4 Nf6 2. c4 g6 3. Nc3 d5 4. Nf3 Bg7 5. cxd5 Nxd5 6. e4 Nxc3 7. bxc3 c5 8.
Rb1 Qa5 $5 {The son of GM Zakhartsov, who is a candidate to be a grandmaster
himself, likes off-beat lines in Grünfeld.} (8... O-O 9. Be2 Qa5 {is what I
liked to play in late 90s.} 10. O-O Qxc3 11. d5 (11. Bd2 Qa3 12. Qc2 Bd7 $13)
11... Qa5 12. Bg5 Qc7 13. Qd2 Bg4 14. Bf4 Qc8 $13 {is not to everyone's taste.}
) 9. Bd2 $5 {In the Be3 lines the late GM Aseev used to come back Be3 after
Qa5 so I should have won a tempo.} (9. Rb5 $142 Qxa2 $1 (9... Qxc3+ 10. Bd2 Qa3
11. Qc2 (11. Ra5 Qb2 12. Rxc5 O-O) 11... c4 $8 12. Bxc4 (12. Bb4 Qa6 13. Bxc4
Nc6 14. Bc3 Qa3) 12... Nc6 13. O-O Qd6 14. e5 Qd8 15. Bd5 O-O $14 {even this
position is not so clear.}) 10. Rxc5 Nd7 11. Bc4 (11. Bb5 a6) 11... Qa1 12. Bb5
(12. Rc7 O-O) 12... a6 13. Bxd7+ Bxd7 14. O-O b6 (14... Rc8 15. Rxc8+ Bxc8 16.
Qb3 Qa5 17. Ba3 Qc7 18. c4 $40 {gives the real flavour of this variation.}) 15.
Rc7 Rc8 16. Rxd7 Kxd7 17. Qb3 Qxc3 18. Qxf7 Qxc1 19. Qxg7 $40) (9. Qb3 O-O (
9... cxd4 10. Qb5+)) (9. Bb5+ Bd7 (9... Nd7 10. O-O a6 11. Bxd7+ Bxd7 12. Rxb7
Bc6 13. Rb3 Bxe4 14. Re1 Bd5 15. dxc5 Bxb3 16. Rxe7+ Kxe7 17. Qd6+ Ke8 18. Qc6+
$11) 10. Bxd7+ Nxd7 11. O-O b6 12. Qb3 O-O) 9... Qxa2 10. Bb5+ Bd7 11. O-O (11.
Bxd7+ Nxd7 12. Rxb7 Qa6 13. Rb1 Qd3 14. e5 O-O 15. Rc1 cxd4 16. cxd4 Rfc8 17.
Qe2 $11) 11... Bxb5 12. Rxb5 b6 $1 13. dxc5 Qc4 14. Qb1 Nd7 15. cxb6 $6 {
After this Black has an equal game.} (15. Qb4 $2 Qxb4 16. cxb4 a6 17. Rxb6 Nxb6
18. cxb6 O-O-O $17) (15. Be3 $142 O-O 16. Rb4 Qxc3 17. Rc1 Qa3 18. c6 Ne5 19.
Nxe5 Bxe5 20. c7 Rac8 21. Rbc4 $44 {is the only real way to try something.})
15... axb6 (15... Nxb6 16. Rb4 Qa6 17. Be3 O-O 18. Bd4 $13) 16. Qb4 Ra4 $6 (
16... Qxb4 17. cxb4 O-O $11 {is the safest way.}) 17. Qxc4 Rxc4 18. e5 $6 (18.
Ra1 O-O 19. Ra7 Nc5 20. e5 $14) 18... O-O 19. Rd1 Ra8 $1 (19... Re4 20. Bf4 $1
(20. Bh6 $2 Bxh6 21. Rxd7 Ra8 $40) 20... Rxf4 21. Rxd7 Rc8 22. Rxb6 Bf8 23. h4
Rfc4 24. g3 Rxc3 25. Kg2 $14 {may turn out to be dangerous.}) 20. g3 Rc5 $1 (
20... Ra5 21. Rxa5 bxa5 22. Bf4 Nf8 23. Ra1 Rxc3 24. Be3 $14) 21. Rxc5 Nxc5 22.
Be3 e6 23. Rd6 Rc8 $1 $11 24. Rxb6 {I could not have found anything better
than this.} (24. c4 Na4) 24... Na4 (24... Nd7 $142 25. Rb5 Rxc3 26. Rb7 Rd3 27.
Rb5 $11) 25. Rb7 h6 26. c4 Rxc4 27. Rb8+ Kh7 28. Rb7 Kg8 29. Nd2 (29. Rb8+ $11)
29... Rc8 30. Bd4 Nc5 $5 {He had some alernatives.} (30... Nc3 31. Bxc3 Rxc3
32. f4 $11) (30... Rc2 31. Ne4 Rc4 32. Rb8+ Kh7 33. Rd8 Nb6 34. Bxb6 Rxe4 35.
f4 $11) 31. Bxc5 Rxc5 32. f4 g5 33. Kf2 gxf4 34. gxf4 Rc2 35. Ke3 Rc3+ (35...
Bf8 36. Ne4 (36. Kd3 Ra2 37. Rc7 h5 $11) 36... Rxh2 37. Nd6 $44) 36. Ke4 Ra3
37. Rb3 (37. Nc4 $5 Ra4 38. Rc7 f6 $11) 37... Rxb3 38. Nxb3 Bf8 39. f5 exf5+
40. Kxf5 Kg7 $11 {There is nothing much in this position. I just tried for
some time to break the balance alas my opponent was rock solid.} 41. Nd4 Bc5
42. Ne2 Be7 43. Ng3 Bh4 44. Nh5+ Kf8 45. Kg4 Bd8 46. Nf4 Kg7 47. h4 Be7 48. Nd5
Bd8 49. h5 Bg5 50. Kf5 Kf8 51. Ke4 Ke8 52. Nb4 Ke7 53. Kd5 Kd7 54. Nc2 Ke7 55.
Nd4 Kd7 56. Ke4 Ke7 57. Kf5 Be3 58. Nb5 Bg5 59. Nc3 Bh4 60. Nd5+ Ke8 61. Nb6
Bg5 62. Ke4 Ke7 63. Kd5 Bc1 64. Nc8+ Kd7 65. Nd6 Ke7 66. Nf5+ Kd7 67. Nd4 Bg5
68. Ke4 Ke7 69. Kf5 Kf8 70. Nf3 Bc1 71. Nd4 Bg5 72. Nc6 Ke8 73. e6 fxe6+ 74.
Kxe6 Kf8 1/2-1/2

[Event "Sigeman & Co 14th"]
[Site "Malmo"]
[Date "2006.05.03"]
[Round "6"]
[White "Khenkin, Igor"]
[Black "Atalik, Suat"]
[Result "0-1"]
[WhiteElo "2602"]
[BlackElo "2632"]
[Annotator "Atalik,S"]
[PlyCount "58"]
[EventDate "2006.04.28"]
[EventType "tourn"]
[EventRounds "9"]
[EventCountry "SWE"]
[EventCategory "13"]
[SourceTitle "CBM 113"]
[Source "ChessBase"]
[SourceDate "2006.07.31"]
[SourceVersion "1"]
[SourceVersionDate "2006.07.31"]
[SourceQuality "1"]

1. d4 Nf6 2. c4 g6 3. Nc3 d5 {I usually have a good score with Gruenfeldt,I
think I should give more tries in the future to it.} 4. cxd5 Nxd5 5. e4 Nxc3 6.
bxc3 Bg7 7. Be3 c5 8. Qd2 cxd4 9. cxd4 Nc6 10. Bb5 O-O 11. Ne2 Qa5 (11... Bd7
12. O-O $14) (11... Bg4 12. f3 Bd7 13. Rb1 $14) 12. Qxa5 (12. Bxc6 Qxd2+ 13.
Kxd2 bxc6 14. Rhc1 Rd8 15. Ke1 (15. Rab1 e5) (15. f4 Rb8 (15... Ba6 $11 16.
Rxc6 $140 $2 Bb7)) 15... e5 $11 (15... Ba6 16. e5)) 12... Nxa5 13. Rc1 {
The first critical position in the game since white is probing the c line.} a6
$5 {All of a sudden I came up with a more or less new idea to exchange light
square bishops and even losing pawns on the 7th rank but bringing Nc4 in and
thus getting to a2 or creating some additional threats like NxBe3 and Bh6.
However like allways everything depends on time.} (13... Rd8 14. d5 (14. Rc7 a6
15. Bd3 Nc6) 14... Bd7 15. Bxd7 Rxd7 $11) 14. Bd3 Bd7 ({Of course there is
nothing wrong about} 14... Nc6) 15. Rc7 ({Na5 is not in real trouble.} 15. d5
Rfc8 16. Bd2 $2 Rxc1+ 17. Nxc1 Rc8 $17) 15... Bb5 16. Bxb5 $6 (16. Kd2 e6 17.
Rb1 Bxd3 18. Kxd3 b5 19. a4 bxa4 20. Rb4 Rfc8 21. Rxc8+ Rxc8 22. Rxa4 Nc6 23.
Bd2 Rd8 $14 {is safer.}) 16... axb5 17. Rxe7 Nc4 (17... Nc6 $6 18. Rxb7 Rxa2
19. Nc1 $16) 18. Bc1 $2 {A surprising move.} (18. O-O $1 Rfe8 $1 (18... Nxe3
19. fxe3 Bh6 20. Rf3 Ra3 $16) (18... Rxa2 19. Nc3 Ra3 20. Nd5 Rd8 21. Rd1 f5
22. Bg5 Rda8 23. e5 $16) 19. Rxe8+ (19. Rxb7 Rxe4 (19... Nd6 20. Rb6 Nxe4 21.
Ra1) 20. Nc3 Nxe3 21. fxe3 Rxe3 22. Nxb5 f5 $44) 19... Rxe8 20. e5 f6 21. exf6
Bxf6 22. Nf4 $14 {casts doubt on black's ambitious opening play.}) (18. e5 $2
Rxa2 19. Nc1 Rc2 $36) 18... Rxa2 19. e5 Rb8 $1 $17 {Now black's bishop comes
into the game with a very strong effect.} 20. Rc7 Bf8 ({I have found} 20... Rc2
$17 {slow.}) 21. h4 (21. f4 Rba8 (21... Rd8 $5 22. Rxb7 Bb4+ 23. Kf2 Rxd4 24.
Rxb5 Ba5 25. Kf3 Rd3+ 26. Ke4 Rd8 27. Kf3 Rd3+ 28. Ke4 $11) (21... Rc2 22. Kf2
Ra8 $19) (21... Bb4+ $2 22. Kf2 Nb6 23. Kf3 Nd5 24. Rd7 Nb6 $11) 22. Rxb7 (22.
Kf2 Rc2) 22... Rc2 $19) 21... Bb4+ {Now white's king is in danger.} 22. Kd1 (
22. Kf1 Rc2 $19) 22... Nxe5 $1 $19 {Igor simply overlooked this somewhere down
the line he was calculating.} 23. Rh3 (23. Rc2 Ra1 24. Rh3 Ng4 25. Rf3 Re8 26.
Rc7 Ra2 $19) 23... Ng4 24. Be3 Re8 {This is the fastest way!} (24... Nxe3+ $2
25. Rxe3 Rd2+ 26. Kc1 Ra8 27. Rc2 $15) (24... Nxf2+ 25. Bxf2 Rd2+ 26. Kc1 Rxe2
$19) 25. Nc3 (25. Rf3 Nxf2+ $19 (25... Nxe3+ $19)) (25. Rc2 Nxf2+ $19) 25...
Nxf2+ (25... Rxf2 $5 {also wins.}) 26. Bxf2 Rxf2 27. Rf3 Rxg2 {I did not want
to play the rook ending since still the attack is irresistable.} (27... Rxf3
28. gxf3 Bxc3 (28... Ba5 29. Rc5 b6 30. Rc7 Bxc3 31. Rxc3 Rd8 $19) 29. Rxc3 Rd8
30. Rd3 Kf8 $19) 28. Rfxf7 Ra8 29. Rg7+ Kf8 (29... Kf8 {Igor has resigned here.
} 30. Rcf7+ (30. Rgf7+ Ke8) 30... Ke8 31. Rg8+ Kxf7 32. Rxa8 Bxc3 $19) 0-1

[Event "Belgrade Trophy 28th"]
[Site "Belgrade"]
[Date "2014.11.28"]
[Round "5"]
[White "Lekic, Dusan"]
[Black "Atalik, Suat"]
[Result "0-1"]
[WhiteElo "2439"]
[BlackElo "2551"]
[Annotator "Atalik,S"]
[PlyCount "68"]
[EventDate "2014.11.24"]
[EventType "swiss"]
[EventRounds "9"]
[EventCountry "SRB"]
[SourceTitle "CBM 164"]
[Source "ChessBase"]
[SourceDate "2015.01.15"]
[SourceVersion "1"]
[SourceVersionDate "2015.01.15"]
[SourceQuality "1"]

1. d4 Nf6 2. c4 g6 3. Nc3 d5 4. cxd5 Nxd5 5. e4 Nxc3 6. bxc3 Bg7 7. Nf3 c5 8.
Rb1 O-O 9. Be2 Bg4 $5 ({After} 9... Nc6 10. d5 Na5 {Black has difficulties
pulling the knight out of a5.} 11. c4 Bg4 (11... e5 $6 12. Bd2) (11... e6 12.
Bd2) (11... b6 12. Bb2 $1) 12. Nd2 Bxe2 13. Qxe2 b6 $13) 10. O-O (10. Rxb7 $6
Nc6 $1 11. d5 Bxf3 12. Bxf3 Bxc3+ 13. Bd2 Bxd2+ 14. Qxd2 Nd4 $17) 10... Nc6 11.
d5 Na5 {A line by the great Tsesh!} 12. c4 (12. Qc2 e5 $5 (12... b6 13. h3 Bxf3
14. Bxf3 Qd6 $132) (12... e6 $5 13. c4 b6 $13)) 12... b6 (12... Bxf3 13. Bxf3
Nxc4 14. Rxb7 Nd6 15. Rb1 $13) 13. Bg5 $6 $146 {An unfortunate novelty.} (13.
Nd2 Bd7 $1) (13. Qc2 e5) (13. Qd3 e5) 13... Bxf3 14. gxf3 Qd6 $1 (14... Qc7 $5)
15. Bd2 ({The most primitive approach is not even a mistake.} 15. f4 $5 f6 16.
Bh4 Qxf4 17. Bg3 Qxe4 18. Bf3 Qd4 19. d6 (19. Qxd4 cxd4 20. d6 $5) 19... Qxd1
20. Rfxd1 exd6 21. Rxd6 Rad8 22. Rbd1 Rxd6 23. Rxd6 $44) 15... f5 $1 16. Bd3
fxe4 $5 ({I was not sure about the outcome of the most natural move} 16... Nc6
17. dxc6 (17. exf5 Nd4) 17... Qxd3 18. Bg5 $1 fxe4 19. fxe4 Qxe4 20. Qd5+ Qxd5
21. cxd5 Rf5 22. Bxe7 Rxd5 23. Rbd1 Bd4 24. c7 Rc8 25. Bd8 $44) 17. fxe4 Be5 (
17... Bd4 18. Kg2) 18. h3 Rf7 19. Kg2 Raf8 20. Qe2 (20. Bh6 Bg7 $1 21. Bd2 (21.
Be3 $6 Bd4) 21... Rf3 $1 22. Qxf3 Rxf3 23. Kxf3 Qd7 24. Kg2 Qa4 25. Rbc1 Qxa2
$17) (20. Qg4 Bf4 21. Bc3 Nc6 $1 {Now it is the time!}) 20... g5 $5 {I
preferred this} ({to} 20... Rf3 21. Qxf3 Rxf3 22. Kxf3 Qd7 23. Kg2 Qa4) 21.
Bxa5 $2 {I am strictly against this exchange but it is a matter of taste.} (21.
Qg4 $142 Qg6 $17) 21... bxa5 22. Qg4 Bd4 $2 {I was wrongly trying to avoid the
exchange of queens.} ({The attack is unstoppable after the natural.} 22... Rf4
$1 23. Qe6+ Qxe6 24. dxe6 g4 $1 $19) 23. f3 $2 (23. f4 $1 h5 $1 (23... Rxf4 24.
Qxg5+ Qg6 25. Qxg6+ hxg6 26. Rxf4 Rxf4 27. Rf1 $11) 24. Qg3 Rg7 25. f5 Be5 $40
{Black has a by far more pleasant game after all.}) 23... Kh8 $2 (23... h5 $1
24. Qxh5 Qf4 $19) 24. Rb7 Qf4 $5 {I am very proud of this move but now I am
not so sure if it wins.} (24... Rg7 25. e5 Bxe5 26. Qe6 $132) 25. Qxf4 gxf4 {
It is true that opposite coloured bishops tend towards a draw in the ending
but they are quite useful in the attack.} 26. Rfb1 $2 ({The last chance was
the pawn sacrifice with which the bishop should be activated.} 26. e5 $3 Bxe5 (
26... Rg7+ 27. Kh2 Rfg8 28. Bf5 $132) 27. Re1 $132) 26... Rg7+ $40 27. Kh2 $6 {
Possibly the final mistake.} (27. Kh1 Rg3 $1) (27. Kf1 $142 Rfg8 $1 (27... Rg1+
$2 28. Ke2 Rg2+ 29. Kd1 Rfg8 30. Be2 Rh2 31. Rb8 $132) 28. Rb8 Rg3 29. Ke2 Rxh3
30. Rxg8+ Kxg8 $19) 27... Rfg8 28. Bf1 (28. Rb8 Rg2+ 29. Kh1 Rd2 30. Bf1 Rxa2
$19 {and the a-pawn becomes unstoppable.}) 28... Rg3 29. Rb8 Rxf3 30. Rxg8+
Kxg8 31. h4 Rf2+ 32. Kh3 h5 $1 {With this the white king ends up in another
mating net.} 33. a4 (33. Re1 Be5) 33... Be5 34. d6 f3 0-1

[Event "Subasic Memorial 4th"]
[Site "Zenica"]
[Date "2005.11.24"]
[Round "7"]
[White "Rezan, Sasa"]
[Black "Atalik, Suat"]
[Result "1/2-1/2"]
[WhiteElo "2421"]
[BlackElo "2620"]
[Annotator "Atalik,S"]
[PlyCount "51"]
[EventDate "2005.11.19"]
[EventType "tourn"]
[EventRounds "9"]
[EventCountry "BIH"]
[EventCategory "7"]
[SourceTitle "CBM 109 Extra"]
[Source "ChessBase"]
[SourceDate "2006.01.03"]
[SourceVersion "2"]
[SourceVersionDate "2006.01.03"]
[SourceQuality "1"]

1. d4 Nf6 2. c4 g6 3. Nc3 d5 4. cxd5 Nxd5 5. e4 Nxc3 6. bxc3 Bg7 7. Nf3 c5 8.
Bb5+ $5 {I have even forgotten the existence of such a drawish line despite of
the fact that I used to play it in 90s.} Nc6 9. O-O cxd4 10. cxd4 O-O 11. Be3
Bg4 (11... Qa5 12. Qe2) 12. Bxc6 bxc6 13. Rc1 Qa5 (13... Qd6 14. Qa4) 14. Rxc6
(14. Qd2 Qxd2 (14... Qa4 $6 15. Rc5 Bxf3 16. gxf3 Rab8 17. Ra5 Qb4 18. Qxb4
Rxb4 19. e5 $16) 15. Nxd2 Rfd8 16. Nb3 a5 $132) 14... Qxa2 15. Rc7 Qa3 $6 (
15... Qe6 16. h3 (16. e5 Rfc8 17. Qc2 Qd5 $5) 16... Qd6 17. Rc5 Bxf3 (17... Bd7
) 18. Qxf3 a5 19. e5 Qe6 $11) 16. Qa1 $1 $14 {I have momentarily forgotten
about this possibility.} Qxa1 (16... Qd3 $2 17. Rxe7 Bf6 18. Rd1 $18) 17. Rxa1
Rfd8 ({I have also considered about giving up e7 and pushing the a pawn hich
usually gives compensation for black.} 17... a5 18. Rxe7 a4 19. Ne5 Be6 20. f4
Bb3 21. Kf2 a3 $44) 18. Rcxa7 Rxa7 19. Rxa7 Bxf3 20. gxf3 Bxd4 21. Bxd4 Rxd4
22. Rxe7 $14 {This ending should lead to a draw with proper play.} g5 $5 23.
Kg2 (23. Re5 h6 24. h4 f6 25. Re7 gxh4 26. Kg2 Rd3 27. Ra7 h3+ 28. Kg3 h2 29.
Ra1 f5 30. e5 Kf7 $11) 23... Kg7 24. Kg3 Rd1 25. Kg2 Kf6 26. Ra7 {He gave it
up a little bit too early.} (26. Re8 Rd3 $11) 1/2-1/2

[Event "Mumbai Wealth op 3rd"]
[Site "Mumbai"]
[Date "2018.01.05"]
[Round "7"]
[White "Khusenkhojaev, Muhammad"]
[Black "Atalik, Suat"]
[Result "1/2-1/2"]
[WhiteElo "2451"]
[BlackElo "2545"]
[Annotator "Atalik,S"]
[PlyCount "36"]
[EventDate "2017.12.30"]
[EventType "swiss"]
[EventRounds "9"]
[EventCountry "IND"]
[SourceTitle "CBM 183"]
[Source "ChessBase"]
[SourceDate "2018.03.14"]
[SourceVersion "1"]
[SourceVersionDate "2018.03.14"]
[SourceQuality "1"]

1. d4 Nf6 2. c4 g6 3. Nc3 d5 4. cxd5 Nxd5 5. e4 Nxc3 6. bxc3 Bg7 7. Nf3 c5 8.
Rb1 O-O 9. Be2 cxd4 10. cxd4 Qa5+ 11. Bd2 Qxa2 12. O-O b6 $5 {An old line.} 13.
Qc1 (13. Bg5 Bb7 14. Bd3 Qe6 15. Re1 Qd6 {Miladinovic,I-Atalik,S,Vrnjacka
Banja 1992.}) 13... Bb7 14. Bc4 Qa4 15. Bb5 Qa2 16. Bc4 Qa4 17. Bb5 Qa2 18. Bc4
Qa4 (18... Qa4 19. Bb5 Qa2 20. Re1 Rc8 21. Qd1 Qc2 22. Qe2 Nc6 23. Bd3 Qa2 24.
Bc4 Qa4 (24... Qa3 $2 25. Bxf7+ $1) 25. Bb5 (25. Ra1 Qc2 26. Bd3 Qb2 27. Ra4 b5
$1 28. Bxb5 a5 $1 $132) 25... Qc2 $11) 1/2-1/2

[Event "Belgrade Trophy 31st"]
[Site "Belgrade"]
[Date "2017.11.27"]
[Round "4"]
[White "Atalik, Suat"]
[Black "Rajkovic, Mladen"]
[Result "1/2-1/2"]
[WhiteElo "2545"]
[BlackElo "2359"]
[Annotator "Atalik,S"]
[PlyCount "135"]
[EventDate "2017.11.24"]
[EventType "swiss"]
[EventRounds "9"]
[EventCountry "SRB"]
[SourceTitle "CBM 182"]
[Source "ChessBase"]
[SourceDate "2018.01.17"]
[SourceVersion "1"]
[SourceVersionDate "2018.01.17"]
[SourceQuality "1"]

1. d4 Nf6 2. Nf3 g6 3. c4 Bg7 4. Nc3 d5 5. cxd5 Nxd5 6. e4 Nxc3 7. bxc3 c5 8.
Be3 Qa5 9. Qd2 O-O 10. Rc1 Rd8 11. h4 $5 {Not a real novelty but something
fresh in an old line.} Nc6 $2 {Mladen reacts in the wrong way to my pseudo
novelty.} (11... cxd4 $1 12. cxd4 Qxd2+ 13. Bxd2 $1 {The most consequent
recapture.}) 12. d5 e6 (12... h5 13. Bg5) 13. h5 exd5 14. hxg6 $1 {The point,
Black will never have time to take advantage of having his Rd8 vis à vis my
Qd2.} hxg6 (14... dxe4 $2 15. gxh7+ Kh8 16. Bh6 Bf6 17. Bg5 $18) 15. Bh6 $1 Bh8
(15... dxe4 16. Bxg7 Kxg7 (16... Rxd2 $4 17. Bf6) 17. Qh6+ Kf6 18. Qh4+ Kg7 19.
Ng5 Bf5 (19... Ne5 20. Qf4) 20. g4 Qxa2 (20... Rh8 21. Nh7) 21. Qh6+ Kf6 22.
Nh7+ Ke7 23. Qg5+ Kd7 24. gxf5 Ne5 25. Be2 Kc6 26. Kf1 $18 {should be winning.}
) 16. Bg5 Bg7 {A good practical decision.} (16... Rd6 17. Rxh8+ $1 Kxh8 18. Qf4
Qc7 19. e5 $1 ({Kozul having thought that he was winning on the spot made a
crucial mistake} 19. Qh2+ Kg8 20. Bf6 $4 (20. Bf4 $18) {Brkic resigned the
game when both had missed the outstanding} 20... Bh3 $3 $17) 19... Re6 20. Bf6+
Rxf6 21. Qh6+ Kg8 22. exf6 $18) 17. Bxd8 Qxd8 18. exd5 {White is an exchange
up but the dark-squared bishop has some significance in the game.} Ne7 (18...
Ne5 $5 19. Nxe5 Bxe5 20. Be2 Qd6 21. c4 Bd7 22. Kf1 Bd4 23. g3 Qf6 24. Qf4 $16)
19. c4 Nf5 20. Bd3 Nd6 21. Qf4 {The most powerful looking move.} ({However
after both} 21. Kf1 $5) ({and} 21. O-O {White should have a technical win.})
21... b5 $1 {Once again, good or bad, this is the best chance.} 22. cxb5 c4 23.
Bxc4 (23. Rxc4 $5 Nxc4 24. Bxc4 Qe7+ $44) 23... Nxc4 24. Qxc4 Qa5+ 25. Kf1 (25.
Nd2 $6 Bd7 26. a4 a6 27. Rh4 $1 {does not look so convincing.}) 25... a6 $1 (
25... Bd7 $2 26. a4 Rc8 27. Qxc8+ Bxc8 28. Rxc8+ Bf8 29. Rh4 $1 $18 {keeps the
queen boxed in.} a6 $140 30. d6) 26. Qc6 {There are many alternatives but this
one looked like being the most consequent among them.} (26. Rh4 Qxb5 (26...
axb5 $2 27. Qxc8+ Rxc8 28. Rxc8+ Bf8 29. d6) 27. a4 $18) (26. Qxc8+ $2 Rxc8 27.
Rxc8+ Bf8 $11) (26. a4 $5 axb5 27. axb5 Bd7 28. Kg1 (28. Nd4 Qd2 $132) 28...
Bxb5 29. Qb3 $18) (26. Kg1 Qxb5 (26... axb5 27. Qc6 Bf5 28. Re1) 27. Rh4 $18)
26... Qxb5+ 27. Kg1 (27. Qxb5 axb5 28. Rh4 Bf5 29. d6) 27... Bb7 28. Qxb5 axb5
29. d6 (29. Rd1 Rxa2 30. Rh4) 29... Bd5 30. Rc5 {Not the best, especially
while working against the danger of having an ending with all pawns on the
same wing.} ({I had actually seen the motif with} 30. Nd4 $142 $1 {but then
forgot in the heat of the game.} Bxd4 31. Rd1 Bxa2 32. Rxd4 Rd8 33. f3 b4 34.
Kf2 Be6 (34... b3 35. Rd2) 35. Ke3 b3 36. Kd2 $18) (30. d7 Be6 31. Rc7 Rd8 32.
Kh2 Rxd7 33. Rxd7 Bxd7 $16) 30... Bxa2 31. Rxb5 Bf8 (31... Rd8 32. Ng5 Rxd6 33.
Rb8+ Bf8 34. Nh7 Rd1+ 35. Kh2 Rxh1+ 36. Kxh1 Kxh7 37. Rxf8 Kg7 38. Ra8 $18 {
is just a matter of technique.}) 32. d7 Be6 33. Rb7 (33. Ne5 Bd6) 33... Rd8 (
33... Bd6 34. Nd2 (34. g3 Bd5 35. Ra7 Rd8 36. Kg2 Bb8 $14) 34... Bf4 $16) 34.
Ne5 $2 {White was at a crossroads. Which ending to choose?} ({The right ones
emerges after} 34. Ng5 $1 Rxd7 (34... Bxd7 $2 35. Rh8+) (34... Bd5 $2 35. Rc7
Be7 36. f4 $18) 35. Rb8 Kg7 (35... Bf5 36. Nh7 Rd1+ 37. Kh2 Rxh1+ 38. Kxh1 Kxh7
39. Rxf8 Kg7 40. Rb8 g5 $16) 36. Nxe6+ fxe6 $16) 34... Bd6 35. f4 (35. Nc6 Rxd7
36. Rxd7 Bxd7 37. Nd4 $16) 35... Bxe5 36. fxe5 Bxd7 37. Rb4 $2 {Panic!} (37.
Kf2 Be6 38. Re1 $14 (38. Ke3 Rd5)) 37... Re8 38. Rd4 Bc6 39. Rd6 Be4 40. e6
Rxe6 (40... fxe6 $2 41. Rd7) 41. Rxe6 fxe6 $11 {This should never be lost for
Black.} 42. Rh4 Bd5 43. g4 Kf7 ({I noticed the immediate draw with} 43... g5
$142 44. Rh5 Kf7 45. Rxg5 Bf3 $1 46. Kf2 Kf6 47. Rg8 Kf7 $11) 44. g5 Ke7 45.
Rh6 Be4 46. Kf2 Kd6 47. Ke3 Ke5 48. Rh4 Bd5 (48... Bf5 $2 49. Ra4) 49. Rf4 Bc6
50. Rf2 Bb7 51. Kd3 Bd5 52. Kc3 {The beginning of a risky plan since the
e-pawn would create serious chances for Black as well.} Be4 53. Kc4 Bd5+ 54.
Kc5 Be4 55. Kb6 Kd6 $1 56. Rf1 Bf5 57. Re1 Kd5 58. Kc7 e5 59. Rd1+ Kc5 (59...
Kc4 $2 60. Kd6 e4 61. Ke5 e3 62. Re1 Kd3 63. Kf4 e2 64. Kf3 $18) 60. Rf1 $3 {
The only move to draw!} Bd3 (60... e4 61. Rxf5+ gxf5 62. g6 e3 63. g7 e2 64.
g8=Q e1=Q 65. Qf8+ $1 $11) 61. Rf6 Kd4 62. Kd6 e4 63. Rxg6 e3 64. Re6 Be4 65.
g6 e2 66. Rxe4+ (66. g7 e1=Q 67. g8=Q Qb4+ 68. Kc7 Qb7+ 69. Kd6 $11) 66... Kxe4
67. g7 e1=Q 68. g8=Q 1/2-1/2